000 00670cam a22002293a 4500
001 29369
003 PGUSA
005 20140828083632.0
008 090710s2009||||xxu|||||s|||||000 | eng d
040 _aPGUSA
_beng
042 _adc
050 4 _aDJ
100 1 _aLennep, J. van
_q(Jacob),
_d1802-1868
245 1 0 _aMerkwaardige Kasteelen in Nederland, Deel II (van VI)
_h[electronic resource] /
_cJ. van Lennep
260 _bProject Gutenberg,
_c2009
506 _aPublic domain in the USA.
516 _aElectronic text
653 _aCastles -- Netherlands
830 0 _aProject Gutenberg
_v29369
856 4 0 _uhttp://www.gutenberg.org/ebooks/29369
942 _cEB
999 _c258624
_d258624